000 00883nam a2200277 i 4500
003 BSDPRZ
008 070302s2006 pl |000 0 pol
015 _aPB 2007/8439
020 _a8389238780
020 _a9788389238788
040 _aWA N
_cBSDPRZ BS
041 _apol
080 _a272-312.47(042)
999 _c286385
_d286385
999 _b1jm
999 _bPBjkw
100 1 _aBlachnicki, Franciszek
_d(1921-1987).
245 1 0 _aOto Matka Twoja /
_cFranciszek Blachnicki ; [oprac. tekstów Irena Chłopkowska].
260 _aKraków :
_bWydawnictwo Światło-Życie,
_c2006.
300 _a36, [1] s. ;
_c21 cm.
490 1 _aSzkoła Modlitwy.
655 4 _aKazania maryjne
_xkatolicyzm
_y20 w.
700 1 _aChłopkowska, Irena
_d(1961- ).
_eOprac.
710 2 _aWydawnictwo Światło-Życie Instytut im. ks. Franciszka Blachnickiego.
_4pbl.
830 0 _aSzkoła Modlitwy.
942 _2ddc
_cK